000 00656nam a2200229Ia 4500
003 OSt
005 20220918231317.0
006 a|||||r|||| 00| 0
007 ta
008 220917b |||||||| |||| 00| 0 eng d
024 _a278,039
037 _cTextual
040 _aARTS
_cARTS
_beng
041 _2eng
_aeng
082 _aU8, 142K9
100 _aMaruashvili L I
_9154177
245 0 _aTravels of Rafail Danibegashvili in India, Burma and other Asian countries 1795-1827 tr from the Russian by David Skvirsky
260 _c1969
300 _a198p.
_ccm.
942 _hU8, 142K9
_cTEXL
_2CC
999 _c290516
_d290516